Govt. of
Madhya Pradesh

10 Mock Tests For AIEEE 2011 (Record no. 44727)

MARC details
000 -LEADER
fixed length control field 005050000a22001810004500
003 - CONTROL NUMBER IDENTIFIER
control field MACL
005 - DATE AND TIME OF LATEST TRANSACTION
control field 20160129115252.0
008 - FIXED-LENGTH DATA ELEMENTS--GENERAL INFORMATION
fixed length control field 160129b xxu||||| |||| 00| 0 eng d
040 ## - CATALOGING SOURCE
Original cataloging agency MACL
Transcribing agency MACL
041 ## - LANGUAGE CODE
Language code of text/sound track or separate title English
082 ## - DEWEY DECIMAL CLASSIFICATION NUMBER
Classification number 620/JAI
100 ## - MAIN ENTRY--PERSONAL NAME
Personal name Jain, Vikas
9 (RLIN) 35213
245 ## - TITLE STATEMENT
Title 10 Mock Tests For AIEEE 2011
Remainder of title All India Engineering Exam with Solved Papers (2002-2010)
260 ## - PUBLICATION, DISTRIBUTION, ETC. (IMPRINT)
Name of publisher, distributor, etc. Arihant Prakashan,Meerut
Place of publication, distribution, etc. Meerut
350 ## - PRICE (NR) (BK AM CF MU VM SE) [OBSOLETE]
Price 285
650 ## - SUBJECT ADDED ENTRY--TOPICAL TERM
Topical term or geographic name as entry element Engineering
9 (RLIN) 35214
942 ## - ADDED ENTRY ELEMENTS (KOHA)
Koha item type Books
Call number prefix 620/JAI
Source of classification or shelving scheme
Holdings
Withdrawn status Lost status Source of classification or shelving scheme Damaged status Not for loan Home library Current library Date acquired Cost, normal purchase price Total Checkouts Full call number Barcode Date last seen Date last checked out Uniform Resource Identifier Price effective from Koha item type
          MACL MACL 29/04/2015 285.00 1 620/JAI CLC004865 09/04/2016 31/03/2016 44992 15/04/2015 Books